Brussels Airlines Destinations - Statistics

General Stats
  • This quiz has been taken 352 times
  • The average score is 39 of 91
Answer Stats
Answer % Correct
Paris-Charles de Gaulle
88%
London-Heathrow
87%
Madrid
85%
Barcelona
81%
New York-JFK
81%
Berlin-Tegel
80%
Oslo
80%
Rome
79%
Manchester
77%
Stockholm
76%
Milan-Linate
75%
Milan-Malpensa
75%
Moscow-Domodedovo
75%
Vienna
72%
Lisbon
71%
Athens
70%
Copenhagen
70%
Nice
68%
Warsaw
67%
Budapest
65%
Lyon
65%
Edinburgh
63%
Prague
63%
Geneva
62%
Porto
60%
Washington-Dulles
58%
Naples
57%
Hamburg
56%
Venice
56%
Birmingham
55%
Toronto
55%
Bordeaux
53%
Malaga
53%
Brussels
49%
Toulouse
49%
Zagreb
49%
Krakow
46%
Turin
46%
Palermo
44%
Riga
44%
Alicante
41%
Kinshasa
41%
Seville
40%
Tel Aviv
40%
Bilbao
39%
Florence
39%
Vilnius
39%
Dubrovnik
38%
Faro
38%
Basel/Mulhouse
37%
Dakar
35%
Thessaloniki
35%
Accra
33%
Bari
33%
Belfast
33%
Bologna
32%
Catania
32%
Nantes
31%
Abidjan
30%
Gothenburg
30%
Malta
30%
Heraklion
29%
Kigali
29%
Bristol
28%
Luanda
27%
Hanover
26%
Strasbourg
26%
Freetown
24%
Ajaccio
22%
Billund
22%
Cagliari
22%
Monrovia
22%
Mumbai
22%
Banjul
21%
Conakry
21%
Yaoundé
21%
Entebbe
20%
Marrakesh
20%
Bastia
19%
Bujumbura
19%
Cotonou
19%
Lome
19%
Montpellier
19%
Ouagadougou
19%
Agadir
15%
Douala
14%
Nuremberg
14%
Calvi
12%
Figari
11%
Jerez de la Frontera
6%
Male
5%
No matching quizzes found
Score Distribution
Percent of People with Each Score
Percentile by Number Answered
Your Score History
You have not taken this quiz